|
|
|
|
| LEADER |
00000nam0a2200000 4500 |
| 001 |
41470 |
| 005 |
20231031014141.0 |
| 035 |
|
|
|a (RuTPU)RU\TPU\book\42580
|
| 090 |
|
|
|a 41470
|
| 100 |
|
|
|a 20020621d1973 k y0rusy50 ca
|
| 101 |
1 |
|
|a rus
|c eng
|
| 102 |
|
|
|a RU
|
| 105 |
|
|
|a a z 001zy
|
| 200 |
1 |
|
|a Введение в динамику жидкости
|e пер. с англ.
|f Дж. К. Бэтчелор
|
| 210 |
|
|
|a Москва
|c Мир
|d 1973
|
| 215 |
|
|
|a 758 с.
|c ил.
|
| 320 |
|
|
|a Библиогр.: с. 739-743.
|
| 320 |
|
|
|a Имен. и предм. указ.: с. 744-755.
|
| 610 |
1 |
|
|a физика
|
| 610 |
1 |
|
|a жидкости
|
| 610 |
1 |
|
|a динамика
|
| 610 |
1 |
|
|a гидродинамика
|
| 610 |
1 |
|
|a физические свойства
|
| 610 |
1 |
|
|a кинематика
|
| 610 |
1 |
|
|a движение
|
| 610 |
1 |
|
|a уравнения
|
| 610 |
1 |
|
|a вязкие жидкости
|
| 610 |
1 |
|
|a несжимаемые жидкости
|
| 610 |
1 |
|
|a число Рейнольдса
|
| 610 |
1 |
|
|a безвихревые течения
|
| 610 |
1 |
|
|a вихревое течение
|
| 675 |
|
|
|a 532.5
|v 3
|
| 700 |
|
1 |
|a Бэтчелор
|b Дж. К.
|
| 801 |
|
1 |
|a RU
|b 63413507
|c 20020621
|g PSBO
|
| 801 |
|
2 |
|a RU
|b 63413507
|c 20110120
|g PSBO
|
| 942 |
|
|
|c BK
|